000
00283nam a2200109Ia 4500
008
200302s9999 xx 000 0 und d
100
_a
Karsten Palsson
245
_a
Construction and design manual public spaces and urbanity
260
_b
Dom Publishrs
260
_c
2017
300
_a
271
999
_c
6547
_d
6547